• 首页
  • 本馆介绍
  • 公告通知
  • 最新文献
  • 馆藏检索
  • 电子资源
  • 读者导购
  • 参考咨询
  • 我的图书馆
  • 登录
  • 详细信息显示
  • 放入我的书架
  • 预约/预借图书
  • 作者相关作品
  • 分类相关作品
  • 丛书相关作品
  • 出版社相关作品

书目信息

  • 表格格式
  • 工作单格式
  • 卡片格式
题名:
教育热点解读
    
 
作者: 纪大海 著
分册:  
出版信息: 广州   暨南大学出版社  2008
页数: 245页
开本: 21cm
丛书名:
单 册:
中图分类: G52-52
科图分类:
主题词: 教育事业--研究--中国 , 教育事业
电子资源:
ISBN: 978-7-81079-933-1
000 00706nam0 2200229 450
001 1232931359
005 20121006090925.85
010    @a978-7-81079-933-1@dCNY18.00
100    @a20080407d2008 em y0chiy50 ea
101 0  @achi
102    @aCN@b440000
105    @ay z 000yy
200 1  @a教育热点解读@Ajiao yu re dian jie du@f纪大海著
210    @a广州@c暨南大学出版社@d2008
215    @a245页@d21cm
330    @a本书采用通俗化说理和对话的形式解析教育热点问题,一事一议,有话直说,直抒胸臆,尽量回避旁征博引和烦琐论证。
606 0  @a教育事业@x研究@y中国
606 0  @a教育事业
690    @aG52-52@v4
701  0 @a纪大海@Aji da hai@4著
801  0 @aCN@bNLC@c20101222
905    @a10447@dG52-52@eJY59
    
    教育热点解读/纪大海著.-广州:暨南大学出版社,2008
    245页;21cm
    
    
    ISBN 978-7-81079-933-1:CNY18.00
    本书采用通俗化说理和对话的形式解析教育热点问题,一事一议,有话直说,直抒胸臆,尽量回避旁征博引和烦琐论证。
●
相关链接 在E读中查询图书 在五车中查询图书 在当当中查询图书 在豆瓣中查询图书


正题名:教育热点解读     索取号:G52-52/JY59         预约/预借

序号 登录号 条形码 馆藏地/架位号 状态 备注
1 7806445   278064452   学院路分馆/ [索取号:G52-52/JY59] 在馆    
2 7806446   278064461   学院路分馆/ [索取号:G52-52/JY59] 在馆    
唐山师范学院图书馆 欢迎您!
大连网信软件有限公司© 版权所有